<?xml version="1.0" encoding="UTF-8"?>
<record
    xmlns:xsi="http://www.w3.org/2001/XMLSchema-instance"
    xsi:schemaLocation="http://www.loc.gov/MARC21/slim http://www.loc.gov/standards/marcxml/schema/MARC21slim.xsd"
    xmlns="http://www.loc.gov/MARC21/slim">

  <leader>01460nam a22002537a 4500</leader>
  <controlfield tag="003">OSt</controlfield>
  <controlfield tag="005">20250702091927.0</controlfield>
  <controlfield tag="008">200219b2016    ck oc||er|||| 000 pdspa d</controlfield>
  <datafield tag="020" ind1=" " ind2=" ">
    <subfield code="a">9789580613435</subfield>
  </datafield>
  <datafield tag="040" ind1=" " ind2=" ">
    <subfield code="a">CO-JMCR</subfield>
    <subfield code="c">CO-JMCR</subfield>
  </datafield>
  <datafield tag="082" ind1="0" ind2="4">
    <subfield code="a">A-P</subfield>
    <subfield code="b">PONa</subfield>
  </datafield>
  <datafield tag="100" ind1="1" ind2=" ">
    <subfield code="a">Ponce, Fermina, </subfield>
    <subfield code="e">autora</subfield>
    <subfield code="9">745</subfield>
  </datafield>
  <datafield tag="245" ind1="1" ind2="0">
    <subfield code="a">Al desnudo / </subfield>
    <subfield code="c">Fernima Ponce ; prologo, Carlos Garc&#xED;a Ruiz ; Fotograf&#xED;as, Pablo Salgado Barrientos </subfield>
  </datafield>
  <datafield tag="250" ind1=" " ind2=" ">
    <subfield code="a">1a. edici&#xF3;n</subfield>
  </datafield>
  <datafield tag="260" ind1=" " ind2=" ">
    <subfield code="a">Bogot&#xE1; : </subfield>
    <subfield code="b">Oveja negra, </subfield>
    <subfield code="c">2016</subfield>
  </datafield>
  <datafield tag="300" ind1=" " ind2=" ">
    <subfield code="a">82 p&#xE1;ginas : </subfield>
    <subfield code="b">retratos y fotograf&#xED;as a blanco y negro ; </subfield>
    <subfield code="c">23 cm.</subfield>
  </datafield>
  <datafield tag="500" ind1=" " ind2=" ">
    <subfield code="a">Incluye datos biogr&#xE1;ficos del autor en solapa frontal.</subfield>
  </datafield>
  <datafield tag="505" ind1="0" ind2=" ">
    <subfield code="a">Equinoccio -- Espacio -- Mentiras -- Piel -- Historia de un ensue&#xF1;o -- La otra y yo no -- Sobre tu hombro derecho -- Secretos -- Im&#xE1;genes -- Simple Inventario de habitaci&#xF3;n vac&#xED;a -- La nada -- Breve -- De regreso -- El hotel de la &#xF3;pera -- La muerte -- El caf&#xE9; de san telmo -- Zapatos  -- El piano -- La caricia -- A cuenta gotas -- A&#xF1;oranza -- L&#xE9;eme -- El reloj -- Sin palabras -- Momentos -- En el sof&#xE1; anaranjado  -- La mirada -- El regalo -- Devoluci&#xF3;n numero 33 -- Esas... -- Usted -- Hay besos -- Enredados -- Conmoci&#xF3;n -- Epicentro -- Es mejor rota -- Al desnudo </subfield>
  </datafield>
  <datafield tag="650" ind1="1" ind2="4">
    <subfield code="a">Poes&#xED;a </subfield>
    <subfield code="x">desnudo </subfield>
    <subfield code="9">746</subfield>
  </datafield>
  <datafield tag="650" ind1="1" ind2="4">
    <subfield code="a">Poes&#xED;a </subfield>
    <subfield code="z">Colombiana </subfield>
    <subfield code="9">747</subfield>
  </datafield>
  <datafield tag="700" ind1="1" ind2=" ">
    <subfield code="a">Garc&#xED;a Ruiz, Carlos, </subfield>
    <subfield code="e">Prologuista</subfield>
    <subfield code="9">748</subfield>
  </datafield>
  <datafield tag="700" ind1="1" ind2=" ">
    <subfield code="a">Salgado Barrientos, Pablo, </subfield>
    <subfield code="e">fot&#xF3;grafo</subfield>
    <subfield code="9">749</subfield>
  </datafield>
  <datafield tag="942" ind1=" " ind2=" ">
    <subfield code="2">ddc</subfield>
    <subfield code="c">BK</subfield>
  </datafield>
  <datafield tag="999" ind1=" " ind2=" ">
    <subfield code="c">6557</subfield>
    <subfield code="d">6557</subfield>
  </datafield>
  <datafield tag="952" ind1=" " ind2=" ">
    <subfield code="0">0</subfield>
    <subfield code="1">0</subfield>
    <subfield code="2">ddc</subfield>
    <subfield code="4">0</subfield>
    <subfield code="7">0</subfield>
    <subfield code="a">CPL</subfield>
    <subfield code="b">CPL</subfield>
    <subfield code="c">PROC</subfield>
    <subfield code="d">2019-12-19</subfield>
    <subfield code="e">Donaci&#xF3;n</subfield>
    <subfield code="g">0.00</subfield>
    <subfield code="l">3</subfield>
    <subfield code="m">1</subfield>
    <subfield code="o">A-P PONa</subfield>
    <subfield code="p">201809756</subfield>
    <subfield code="r">2025-06-16 07:49:53</subfield>
    <subfield code="s">2025-06-13</subfield>
    <subfield code="t">Ej.1</subfield>
    <subfield code="w">2020-02-19</subfield>
    <subfield code="y">BK</subfield>
  </datafield>
</record>
